| 000 | 00543nam a2200169 i 4500 | ||
|---|---|---|---|
| 001 | 21292 | ||
| 003 | ES-MaACL | ||
| 005 | 20230906152444.0 | ||
| 007 | t| | ||
| 008 | 021122s1961 sp ||||1| spa d | ||
| 100 | 1 |
_aAdams, John Crawford. _918394 |
|
| 245 | 1 | 0 |
_aManual de fracturas y de lesiones articulares / _cpor John Crawford Adams ; versión española de Alberto Jornet. |
| 260 |
_aBarcelona : _bToray, _c1961. |
||
| 300 |
_aVIII, 292 p. : _bil. ; _c22 cm. |
||
| 700 | 1 |
_aJornet Cases, A. _966960 |
|
| 852 |
_aES-MaACL _jC-20384 _bR.48233 |
||
| 999 |
_c21292 _d21292 |
||